000 01326nam a22003254a 4500
001 ebr10114089
003 CaPaEBR
006 m u
007 cr cn|||||||||
008 040603s2005 njua sb 001 0 eng
010 _z 2004050924
020 _z0471690074
040 _aCaPaEBR
_cCaPaEBR
035 _a(OCoLC)57679586
050 1 4 _aTK5102.9
_b.C47422 2005eb
082 0 4 _a621.382/2
_222
100 1 _aChassaing, Rulph.
245 1 0 _aDigital signal processing and applications with the C6713 and C6416 DSK
_h[electronic resource] /
_cRulph Chassaing.
260 _aHoboken, N.J. :
_bWiley-Interscience,
_cc2005.
300 _axxi, 518 p. :
_bill.
490 1 _aTopics in digital signal processing
504 _aIncludes bibliographical references and index.
533 _aElectronic reproduction.
_bPalo Alto, Calif. :
_cebrary,
_d2013.
_nAvailable via World Wide Web.
_nAccess may be limited to ebrary affiliated libraries.
650 0 _aSignal processing
_xDigital techniques.
650 0 _aTexas Instruments TMS320 series microprocessors.
655 7 _aElectronic books.
_2local
710 2 _aebrary, Inc.
830 0 _aTopics in digital signal processing.
856 4 0 _uhttp://site.ebrary.com/lib/rucke/Doc?id=10114089
_zAn electronic book accessible through the World Wide Web; click to view
999 _c209791
_d209791